000 00276nam a22001097a 4500
082 _a808.2 SEV'W
100 _aWALL, VINCENT,MCCORMICK, JAMES PATTON
_957863
245 _aSEVEN PLAYS OF THE MODERN THEATER
260 _aNEWYORK
_bAMERICAN
_c1950
300 _a521P
942 _cBK
999 _c568107
_d568107